Life in the spirit in marriage, home & work: (Record no. 5865)

000 -LEADER
fixed length control field 00849nam a2200217 a 4500
001 - CONTROL NUMBER
control field :::00003607$&:&@@
003 - CONTROL NUMBER IDENTIFIER
control field OkBaRHE
005 - DATE AND TIME OF LATEST TRANSACTION
control field 20100401125019.0
008 - FIXED-LENGTH DATA ELEMENTS--GENERAL INFORMATION
fixed length control field s1975 j 000 0 eng u
040 ## - CATALOGING SOURCE
Transcribing agency
100 1# - MAIN ENTRY--PERSONAL NAME
Personal name Lloyd-Jones, D. M. (David Martyn).
245 10 - TITLE STATEMENT
Title Life in the spirit in marriage, home & work:
Remainder of title an exposition of Ephesians 5:18 to 6:9.
260 ## - PUBLICATION, DISTRIBUTION, ETC. (IMPRINT)
Place of publication, distribution, etc Grand Rapids, MI., :
Name of publisher, distributor, etc Baker Book House
Date of publication, distribution, etc 1975
300 ## - PHYSICAL DESCRIPTION
Extent 371 p. ;
Dimensions 23 cm.
650 ## - SUBJECT ADDED ENTRY--TOPICAL TERM
Topical term or geographic name as entry element Bible New Testament Ephesians 5:18-6:9
General subdivision Sermons
650 ## - SUBJECT ADDED ENTRY--TOPICAL TERM
Topical term or geographic name as entry element Church of England
General subdivision Sermons
650 ## - SUBJECT ADDED ENTRY--TOPICAL TERM
Topical term or geographic name as entry element Sermons, English
942 ## - ADDED ENTRY ELEMENTS (KOHA)
Source of classification or shelving scheme
Koha item type Books
Copies
Shelving location Permanent Location Date acquired Date last seen Price effective from Koha item type Not for loan Date checked out Lost status Barcode Total Checkouts Current Location Full call number Withdrawn status Copy number Source of classification or shelving scheme Damaged status
General StacksRHEMA Bible Training College2010-04-142018-04-032010-04-14Books   3607  BS 2695.4 .L56 1975 1  
General StacksRHEMA Bible Training College2010-04-142018-04-032010-04-14Books 2011-11-08 203851RHEMA Bible Training CollegeBS 2695.4 .L56 1975 2